| 000 | 00918nam a2200229 a 4500 | ||
|---|---|---|---|
| 005 | 20240605063754.0 | ||
| 008 | 050509s1998 mx r 000 0 spa d | ||
| 020 | _a9701809963 | ||
| 035 | _aUPN01000138556 | ||
| 049 | _aCG | ||
| 050 | 4 |
_aLB1776.4 M6 _bA7.3 |
|
| 100 | 1 |
_aArnaut Salgado, Alberto _927920 |
|
| 245 | 1 | 0 |
_aHistoria de una profesión : _blos maestros de educación primaria en México, 1887-1994 / _cAlberto Arnaut. |
| 260 |
_aMéxico : _bSEP : _bCentro de Investigación y Docencia Económicas, _cc1998. |
||
| 300 | _a246 p. | ||
| 440 | 0 | _aBiblioteca del normalista | |
| 650 | 4 |
_aMAESTROS DE ESCUELA PRIMARIA - _zMEXICO - _xHISTORIA - _ySIGLO XIX _95272 |
|
| 650 | 4 |
_aMAESTROS DE ESCUELA PRIMARIA - _zMEXICO - _xHISTORIA - _ySIGLO XX _95273 |
|
| 650 | 0 |
_aEducación primaria _zMéxico _xHistoria _ySiglo XIX _95275 |
|
| 650 | 4 |
_aEDUCACION PRIMARIA - _zMEXICO - _xHISTORIA - _ySIGLO XX _95274 |
|
| 905 | _aLibro | ||
| 999 |
_c110704 _d110704 |
||